LEADER 00752nam0 2200265 450 001 9910910701203321 005 20241203094723.0 010 $a978-88-483-2837-1 100 $a20241203d2024---- y kmyy0itay50 ba 101 0 $aita 102 $aIT 105 $ay 001yy 200 1 $a<> concorsi per personale amministrativo$e2200 quiz$fa cura di Mattia Goffetti 210 $aMilano$cAlpha Test$d2024 215 $a276 p.$d24 cm 225 1 $aConcorsi & esami 676 $a342.076$v23 702 1$aGoffetti$bMattia 801 0$aIT$bUNINA$gREICAT$2UNIMARC 901 $aBK 912 $a9910910701203321 952 $aCON342.076A$b5559$fDECBC 959 $aDECBC 996 $aConcorsi per personale amministrativo$94296504 997 $aUNINA